General Studies Preview General Science Chapterwise Solved Paper 2023 (Record no. 66140)
[ view plain ]
| 000 -LEADER | |
|---|---|
| fixed length control field | 00325nam a22001097a 4500 |
| 082 ## - DEWEY DECIMAL CLASSIFICATION NUMBER | |
| Classification number | 500 |
| 100 ## - MAIN ENTRY--AUTHOR NAME | |
| Personal name | Srivastava, Ashutosh |
| 245 ## - TITLE STATEMENT | |
| Title | General Studies Preview General Science Chapterwise Solved Paper 2023 |
| 260 ## - PUBLICATION, DISTRIBUTION, ETC. (IMPRINT) | |
| Place of publication | Prayagraj UP |
| Name of publisher | Sam samayk Ghatana Chakra |
| Year of publication | 2023 |
| 650 ## - SUBJECT ADDED ENTRY--TOPICAL TERM | |
| Topical Term | General Science |
| 942 ## - ADDED ENTRY ELEMENTS (KOHA) | |
| Koha item type | Books |
| Withdrawn status | Lost status | Damaged status | Not for loan | Home library | Current library | Date acquired | Cost, normal purchase price | Full call number | Accession Number | Price effective from | Koha item type |
|---|---|---|---|---|---|---|---|---|---|---|---|
| MACL | MACL | 20/10/2023 | 490.00 | 500 | DPI001325 | 20/10/2023 | Books | ||||
| MACL | MACL | 20/10/2023 | 490.00 | 500 | DPI001324 | 20/10/2023 | Books | ||||
| MACL | MACL | 23/12/2023 | 490.00 | 500 | DPI001825 | 23/12/2023 | Books | ||||
| MACL | MACL | 23/12/2023 | 490.00 | 500 | DPI001826 | 23/12/2023 | Books |









